| 000 | 01338nam a22003137i 4500 | ||
|---|---|---|---|
| 003 | URS | ||
| 005 | 20220117120541.0 | ||
| 008 | 180314b xxu||||| |||| 00| 0 eng d | ||
| 010 | _a 2006046622 | ||
| 020 | _a9780073530949 (pbk. alk. paper) | ||
| 020 | _a0073530948 (pbk. : alk. paper) | ||
| 040 |
_aDLC _erda _cURS _dDLC _beng |
||
| 050 | 1 | 4 |
_aGN25 _b.K67 2008 |
| 100 | 1 | _aKottak, Conrad Phillip. | |
| 245 | 1 | 0 |
_aAnthropology : the exploration of human diversity / _cConrad Phillip Kottak.-- |
| 250 | _aTwelfth edition.-- | ||
| 264 | 1 |
_aBoston : _bMcGraw Hill Higher Education, _c[2008] |
|
| 264 | 4 | _c©2008 | |
| 300 |
_a1 v. (various pagings) : _billustrations (chiefly col.), colored maps ; _c28 cm + _e1 CD-ROM (4 3/4 in.) |
||
| 336 |
_atext _btxt _2rdacontent |
||
| 337 |
_aunmediated _bn _2rdamedia |
||
| 338 |
_avolume _bnc _2rdacarrier |
||
| 504 | _aIncludes bibliographical references and index. | ||
| 538 | _aSystem requirements for accompanying CD-ROM: Windows, Windows 2000 SP4 or XP SP2, Internet Explorer 6.0 or Firefox 1.5; Macintosh, Mac OS 10.2, 10.3, 10.4, Internet Explorer 6.0 or Firefox 1.5. | ||
| 650 | 0 | _aAnthropology. | |
| 906 |
_a7 _bcbc _corignew _d1 _eocip _f20 _gy-gencatlg |
||
| 942 |
_2lcc _cFR |
||
| 999 |
_c4853 _d4853 |
||